000 00617nam a22001817a 4500
999 _c103264
_d103264
005 20230628173253.0
010 _aENG-115991
020 _a9789381384725
_c495.00
035 _aEN-99523
037 _bDBAD/PUB
082 _a220
100 _aShrikant Prasoon
245 _aHinduism clarified and simplified:
_ban authentic intellectual analysis of the most emotional,spirtual and religious topic /
_cby Shrikant Prasoon
260 _aNew Delhi
_bV&S Publishers
_c2015
270 _aF-2/16,Ansari Road,Daryaganj
_bNew Delhi
_e110002
300 _a269p.
_c23cm (pbk)
942 _2ddc
_cEN
_h200
_mSHR